| 000 -CABECERA |
| fixed length control field |
01984nam a22002897a 4500 |
| 003 - IDENTIFICADOR DEL NÚMERO DE CONTROL |
| control field |
AR-CdUCM |
| 008 - DATOS DE LONGITUD FIJA--INFORMACIÓN GENERAL |
| fixed length control field |
190425b ||||| |||| 00| 0 spa d |
| 040 ## - FUENTE DE LA CATALOGACIÓN |
| Agencia/entidad que catalogó originalmente la obra |
MUNICIPALIDAD PROVINCIAL DEL CUSCO |
| Entidad que transcribió la catalogación |
BIBLIOTECA MUNICIPAL DEL CUSCO |
| 082 ## - NÚMERO DE LA CLASIFICACIÓN DECIMAL DEWEY |
| No. de Clasificación |
Saqsaywaman/N°6/2003 |
| 110 ## - ENTRADA PRINCIPAL--NOMBRE DE ENTIDAD CORPORATIVA |
| Nombre de la institución, jurisdicción como entrada principal |
Instituto Nacional de Cultura Region Cusco |
| 9 (RLIN) |
29198 |
| 245 ## - MENCIÓN DE TÍTULO |
| Título |
Revista Saqsaywaman : |
| Mención de responsabilidad |
Instituto Nacional de Cultura Region Cusco. |
| 260 ## - PUBLICACIÓN, DISTRIBUCIÓN, ETC. |
| Lugar de publicación, distribución, etc. |
Cusco. |
| Nombre de la editorial, distribuidor, etc. |
INC, |
| -- |
Pantigozo, |
| Fecha de publicación, distribución, etc. |
2003. |
| 300 ## - DESCRIPCIÓN FÍSICA |
| Nº de Páginas Extensión |
279 páginas. : |
| Otros detalles físicos |
ilustraciones ; |
| Dimensiones |
19 cm. |
| 440 ## - MENCIÓN DE SERIE/PUNTO DE ACCESO ADICIONAL--TÍTULO |
| Título |
Revista Saqsaywaman. |
| Número de la parte/sección de una obra |
N°6, 2003 |
| 9 (RLIN) |
47099 |
| 505 ## - NOTA DE CONTENIDO CON FORMATO |
| Nota de contenido formateada |
Contenido: Una Metodología para el estudio de la Historia de la Arqueología, un caso del Perú (1524-1900). Sergio J. Chávez F.<br/>-- Pinturas rupestres en Callacpuma Cajamarca estudio econológico preliminar. -- Lucía Medina. -- Petroglifos de Piñipampa. -- Miguel Colque Enríquez. -- Excavaciones arqueológicas en el sector Suchuna del parque arqueológico de Saqsaywaman, un bosquejo de interpretación de los contextos funerarios. Francisco Solís. -- Hallazgos en Muyumarka de Saqsaywaman, prótesis dental Inka. Percy Bonnett Medina. -- La estructura biespacial en los trece templos Inka de Raqch’i. Pedro Taca Chunga. --Contextos funerarios coloniales, una interpretación a su estudio. Richard Alegría Sánchez. -- El adobe como material constructivo de época Prehispánica. Arminda M. Gibaja Oviedo. -- Pacha Unancha: Astronomía Inka en Urubamba. Carlos Ayme Carrasco. Mereida Puma Soria. Octavio Fernández Carrasco. |
| 650 ## - PUNTO DE ACCESO ADICIONAL DE MATERIA--TÉRMINO DE MATERIA |
| Descriptor |
Arqueología cusqueña |
| 9 (RLIN) |
9322 |
| 650 ## - PUNTO DE ACCESO ADICIONAL DE MATERIA--TÉRMINO DE MATERIA |
| Descriptor |
Historia del Cusco |
| 9 (RLIN) |
1714 |
| 650 ## - PUNTO DE ACCESO ADICIONAL DE MATERIA--TÉRMINO DE MATERIA |
| Descriptor |
Inkas |
| 9 (RLIN) |
1899 |
| 650 ## - PUNTO DE ACCESO ADICIONAL DE MATERIA--TÉRMINO DE MATERIA |
| Descriptor |
Monumentos históricos |
| 9 (RLIN) |
6891 |
| 700 ## - PUNTO DE ACCESO ADICIONAL--NOMBRE DE PERSONA |
| Nombre Personal |
Gibaja Oviedo, Arminda |
| 9 (RLIN) |
29271 |
| 700 ## - PUNTO DE ACCESO ADICIONAL--NOMBRE DE PERSONA |
| Nombre Personal |
Colque Enríquez, Miguel |
| 9 (RLIN) |
47100 |
| 700 ## - PUNTO DE ACCESO ADICIONAL--NOMBRE DE PERSONA |
| Nombre Personal |
Bonnett Medina, Percy |
| 9 (RLIN) |
47101 |
| 700 ## - PUNTO DE ACCESO ADICIONAL--NOMBRE DE PERSONA |
| Nombre Personal |
Ayme Carrasco, Carlos |
| 9 (RLIN) |
47102 |
| 856 ## - LOCALIZACIÓN Y ACCESO ELECTRÓNICOS |
| Identificador Uniforme de Recurso (URI) |
<a href="http://bvirtual.culturacusco.gob.pe/items/show/105">http://bvirtual.culturacusco.gob.pe/items/show/105</a> |
| Nota pública |
Leer en digital |
| 942 ## - ELEMENTOS DE PUNTO DE ACCESO ADICIONAL (KOHA) |
| Fuente de clasificación |
|
| Tipo de item |
Revistas cusqueñas |
| 945 ## - PROCESAMIENTO DE INFORMACIÓN LOCAL (OCLC) |
| Catalogador |
rac |